[Event "Tata Steel Challengers"]
[Site "Wijk aan Zee NED"]
[Date "2014.01.22"]
[Round "10"]
[White "Jan-Krzysztof Duda"]
[Black "Dimitri Reinderman"]
[Result "1-0"]
[EventDate "2014.01.11"]
[WhiteElo "2553"]
[BlackElo "2593"]
[PlyCount "137"]

1. e4 d5 2. exd5 Qxd5 3. Nc3 Qa5 4. d4 Nf6 5. Bc4 Nc6 6. Ne2 Be6 7. Bxe6 fxe6 8. O-O O-O-O 9. Qd3 e5 10. Qh3+ Rd7 11. Rd1 e6 12. Be3 Bd6 13. Qxe6 Re8 14. Qf5 Rf8 15. dxe5 Nxe5 16. Ne4 Nxe4 17. Qxe4 Re7 18. Qh4 Ng6 19. Qg4+ Kb8 20. Ng3 a6 21. Qd4 b6 22. Qd5 Qxd5 23. Rxd5 Re6 24. Rad1 Kb7 25. b3 Ne7 26. R5d2 g6 27. Ne2 Nf5 28. Nd4 Nxd4 29. Rxd4 Rfe8 30. R4d3 b5 31. g3 Re4 32. Kg2 R4e6 33. R1d2 Bb4 34. c3 Bd6 35. Rc2 Re4 36. Kf3 R4e6 37. c4 Rf8+ 38. Kg2 Rf5 39. h3 h5 40. h4 Re4 41. c5 Be7 42. c6+ Kc8 43. Rd7 Re6 44. Bf4 Bd8 45. Rg7 Rf8 46. Rc5 Rfe8 47. a4 bxa4 48. bxa4 Rf8 49. Be5 Rfe8 50. f4 Be7 51. Rc4 Bd6 52. Bxd6 Rxd6 53. f5 gxf5 54. Kf3 Kd8 55. Rc5 Re1 56. Kf4 Re4+ 57. Kxf5 Rxa4 58. Rh7 Ra3 59. Rh8+ Ke7 60. Re5+ Kf7 61. Rh7+ Kf8 62. Rxc7 Rxg3 63. Re6 Rd5+ 64. Kf6 Rf3+ 65. Kg6 Rg3+ 66. Kh7 Rc5 67. Rb7 Rf3 68. Rg6 Rf7+ 69. Kh8 1-0

[Event "5th Lublin Union Mem GM"]
[Site "Lublin POL"]
[Date "2013.06.22"]
[Round "8.1"]
[White "Oleg M Romanishin"]
[Black "Jan Krzysztof Duda"]
[Result "0-1"]
[EventDate "?"]
[WhiteElo "2503"]
[BlackElo "2539"]
[PlyCount "98"]

1. Nf3 Nf6 2. d4 g6 3. c4 Bg7 4. Nc3 O-O 5. g3 d6 6. Bg2 c6 7. O-O Bf5 8. b3 Ne4 9. Bb2 Nxc3 10. Bxc3 Be4 11. Qd2 Nd7 12. Qe3 Nf6 13. Rac1 a5 14. Rfd1 d5 15. c5 h5 16. h3 Re8 17. Bf1 Bf5 18. Ne5 Qc8 19. Kh2 Ne4 20. Be1 f6 21. Nf3 Kh7 22. Bd2 g5 23. Bg2 Kg6 24. Ne1 e5 25. dxe5 Rxe5 26. Nd3 Re6 27. Qd4 Qc7 28. Kg1 Nxd2 29. Rxd2 Rae8 30. Qb2 Bxd3 31. exd3 f5 32. d4 Re1+ 33. Rxe1 Rxe1+ 34. Bf1 Qe7 35. Re2 Qxe2 36. Qxe2 Rxe2 37. Bxe2 Bxd4 38. g4 hxg4 39. hxg4 Kf6 40. gxf5 Kxf5 41. Kf1 Bxc5 42. Bh5 Ke5 43. Ke2 Kd4 44. Kd2 a4 45. Bg4 Bb4+ 46. Kc2 axb3+ 47. axb3 c5 48. f3 c4 49. Bd7 Kc5 0-1

[Event "ch-POL 2013"]
[Site "Chorzow POL"]
[Date "2013.04.17"]
[Round "5.6"]
[White "Jacek Tomczak"]
[Black "Jan Krzysztof Duda"]
[Result "1-0"]
[EventDate "?"]
[WhiteElo "2564"]
[BlackElo "2497"]
[PlyCount "130"]

1. e4 c5 2. Nf3 d6 3. d4 cxd4 4. Nxd4 Nf6 5. Nc3 a6 6. Bc4 e6 7. Bb3 b5 8. O-O Be7 9. Qf3 Qb6 10. Be3 Qb7 11. Qg3 b4 12. Na4 Nbd7 13. f3 O-O 14. Rfd1 Kh8 15. Rac1 Nc5 16. Nxc5 dxc5 17. Ne2 Bd7 18. Nf4 Bb5 19. c4 bxc3 20. Rxc3 c4 21. Bc2 Rfd8 22. Rb1 e5 23. Nd5 Nxd5 24. exd5 Rxd5 25. Be4 Rad8 26. Rf1 Qd7 27. Bxd5 Qxd5 28. Qg4 g6 29. Qe4 f5 30. Qxd5 Rxd5 31. a4 Bxa4 32. Rxc4 Bb5 33. Rc8+ Kg7 34. Rfc1 Kf6 35. Rh8 Rd3 36. Bh6 f4 37. h4 Rd7 38. Bg5+ Kf5 39. Bxe7 Rxe7 40. Rhc8 Rd7 41. R8c7 h5 42. Rxd7 Bxd7 43. Rc5 Bb5 44. Kf2 Bd3 45. g3 Ke6 46. Rc6+ Kf5 47. Rc8 Kf6 48. Rf8+ Ke7 49. Rg8 Kf6 50. Rd8 Bb5 51. Rd6+ Kf5 52. gxf4 e4 53. Ke3 exf3 54. Kxf3 Bc4 55. Rd8 Bf1 56. Rd5+ Kf6 57. Re5 Bh3 58. Ke3 Bd7 59. Kd4 Bg4 60. Kc5 Bf5 61. Rd5 Be4 62. Re5 Bf5 63. Kb6 g5 64. Rxf5+ Kxf5 65. fxg5 1-0

[Event "21st TCh-CRO 1b 2012"]
[Site "Sibenik CRO"]
[Date "2012.09.27"]
[Round "5.3"]
[White "Zeljko Bogut"]
[Black "Jan Krzysztof Duda"]
[Result "1-0"]
[EventDate "?"]
[WhiteElo "2441"]
[BlackElo "2470"]
[PlyCount "154"]

1. e4 c5 2. Nf3 d6 3. d4 cxd4 4. Qxd4 Nc6 5. Bb5 Bd7 6. Bxc6 Bxc6 7. Nc3 Nf6 8. Bg5 e6 9. O-O-O Be7 10. Rhe1 O-O 11. Kb1 Qc7 12. Qd3 Rac8 13. h4 Rfd8 14. Nd4 Be8 15. f4 a6 16. Bxf6 Bxf6 17. g4 Qc4 18. g5 Qxd3 19. Rxd3 Bxd4 20. Rxd4 Kf8 21. f5 Ke7 22. Rf1 Bc6 23. f6+ gxf6 24. gxf6+ Kd7 25. e5 Rg8 26. Rxd6+ Kc7 27. Rd4 Rg2 28. Kc1 Rcg8 29. Rdf4 R8g4 30. R1f2 Kb6 31. b4 h5 32. Rxg2 Rxf4 33. Rg7 Rxb4 34. Rxf7 Rxh4 35. Rh7 Rh2 36. Rh6 Rf2 37. Rxh5 Kc5 38. Rh4 b5 39. Kd1 b4 40. Ke1 Rf5 41. Ne2 Be8 42. Rh8 Bg6 43. Rg8 Bh5 44. Ng3 Rxe5+ 45. Kd2 Rd5+ 46. Kc1 Bf7 47. Rg7 Rd7 48. Ne4+ Kc6 49. Ng5 Bh5 50. f7 Bxf7 51. Rxf7 Rd6 52. Re7 Kd5 53. Kb2 Rc6 54. Rb7 Kc4 55. Nf7 Rc5 56. Rb6 e5 57. Rxa6 e4 58. Rd6 Rf5 59. Rd7 Rf1 60. Ne5+ Kc5 61. Ng4 Rf4 62. Rg7 Rf3 63. Rg8 Kd4 64. Rb8 Kc5 65. Kc1 Ra3 66. Nf2 Rxa2 67. Nxe4+ Kc4 68. Nd2+ Kc5 69. Nb3+ Kc4 70. Rc8+ Kb5 71. Nd4+ Kb6 72. Rc6+ Ka5 73. Rc5+ Ka6 74. Kb1 Ra3 75. Kb2 Ka7 76. Rb5 Ra4 77. Kb3 1-0

[Event "ch-POL 2012"]
[Site "Warsaw POL"]
[Date "2012.02.25"]
[Round "8"]
[White "Kacper Piorun"]
[Black "Jan Krzysztof Duda"]
[Result "0-1"]
[EventDate "?"]
[WhiteElo "2520"]
[BlackElo "2380"]
[PlyCount "116"]

1. c4 e5 2. g3 Nf6 3. Bg2 d5 4. cxd5 Nxd5 5. Nf3 Nc6 6. O-O Nb6 7. d3 Be7 8. Nbd2 O-O 9. b3 Be6 10. Bb2 f6 11. Rc1 Qd7 12. Re1 Rfd8 13. Ne4 a5 14. a3 Qe8 15. Qc2 Qf8 16. Ra1 Qf7 17. Nfd2 Bd5 18. Rec1 Nd7 19. Nc4 Ra6 20. Qd2 Nf8 21. Ne3 Bxb3 22. Nc5 Bxc5 23. Rxc5 Ne6 24. Rb5 Ba4 25. Bxc6 Rxc6 26. Rxb7 Nc5 27. Qxa5 Nxb7 28. Qxa4 Qe6 29. Qa7 Qb3 30. Bc1 Qb5 31. Nf5 Rb6 32. a4 Qa6 33. Qxa6 Rxa6 34. Bd2 Nc5 35. Be3 Nxa4 36. Rc1 Rd7 37. g4 Nb6 38. Bc5 Kf7 39. f3 Nd5 40. Rb1 Rc6 41. Bf2 Rc2 42. Ng3 Nf4 43. Kf1 Rd8 44. Be3 Ra8 45. Rd1 Raa2 46. Re1 Nd5 47. Bg1 Nc3 48. Be3 Ke6 49. Kf2 h5 50. h4 g5 51. hxg5 h4 52. Nf5 fxg5 53. Bxg5 Rxe2+ 54. Rxe2 Rxe2+ 55. Kg1 h3 56. Bd8 Rg2+ 57. Kf1 Ne2 58. Bh4 Rg1+ 0-1

[Event "Cracovia Comarch Cup"]
[Site "Krakow POL"]
[Date "2011.12.30"]
[Round "4.2"]
[White "Jan Krzysztof Duda"]
[Black "Kacper Piorun"]
[Result "1/2-1/2"]
[EventDate "?"]
[WhiteElo "2379"]
[BlackElo "2520"]
[PlyCount "80"]

1. e4 c5 2. Nf3 Nc6 3. d4 cxd4 4. Nxd4 e5 5. Nb5 d6 6. N1c3 a6 7. Na3 Be7 8. Nc4 b5 9. Ne3 Nf6 10. Bd3 O-O 11. O-O Be6 12. a4 b4 13. Ncd5 a5 14. c3 bxc3 15. Nxf6+ Bxf6 16. bxc3 Bg5 17. Bb5 Rc8 18. Ba3 Bxe3 19. fxe3 Qb6 20. Re1 Rfd8 21. Rb1 Nb8 22. Bc4 Qc7 23. Bxe6 fxe6 24. Qg4 Qf7 25. Red1 d5 26. exd5 exd5 27. Bd6 Rc4 28. Qg5 Nc6 29. Bxe5 h6 30. Qg3 Nxe5 31. Qxe5 Rxa4 32. Rb8 Rxb8 33. Qxb8+ Kh7 34. Qb1+ Kg8 35. Qb5 Re4 36. Qxd5 Qxd5 37. Rxd5 Rxe3 38. Rc5 a4 39. Kf2 Re8 40. Ra5 Rc8 1/2-1/2

[Event "EU-ch U10 17th"]
[Site "Sibenik"]
[Date "2007.09.20"]
[Round "7"]
[White "Jan Krzysztof Duda"]
[Black "Grigoriy Oparin"]
[Result "1/2-1/2"]
[EventDate "?"]
[WhiteElo "1877"]
[BlackElo "2031"]
[PlyCount "68"]

1. e4 c5 2. Nf3 d6 3. d4 cxd4 4. Nxd4 Nf6 5. Nc3 a6 6. Bg5 e6 7. f4 Be7 8. Qf3 Qc7 9. O-O-O Nbd7 10. Bd3 b5 11. a3 Bb7 12. g4 O-O-O 13. Kb1 Kb8 14. Rhf1 Nc5 15. h3 h6 16. Bxf6 Bxf6 17. Qe3 e5 18. fxe5 Bxe5 19. Nd5 Bxd5 20. exd5 Bxd4 21. Qxd4 f6 22. Bg6 Nd7 23. Rf3 Qa7 24. Qxa7+ Kxa7 25. Re3 Ne5 26. Bf5 Rb8 27. Rc3 Rb7 28. Rd4 h5 29. b3 hxg4 30. hxg4 Kb6 31. Rd2 Rh1+ 32. Kb2 Rg1 33. Rc8 Rc7 34. Rd8 Nf7 1/2-1/2